[Event "DVM U10 2023"]
[Site "Magdeburg GER"]
[Date "2023.12.29"]
[Round "7"]
[White "Schmidt, Jossip"]
[Black "Rogner, Alexander Luis"]
[Result "0-1"]
[Termination "normal"]
[Board "2.2"]
[WhiteElo "1330"]
[BlackElo "1531"]
[WhiteClock "00:04:09"]
[BlackClock "00:03:24"]
[WhiteTeam "Barnimer SF im SV Stahl Finow"]
[BlackTeam "SF Brackel 1930"]
[PlyCount "160"]
[WhiteFideId "34621148"]
[BlackFideId "34606556"]
[EventCountry "GER"]
[EventRounds "7"]
[EventType "team-swiss"]
[EventDate "2023.12.27"]

1. d4 {[%clk 00:55:07]} {[%emt 00:00:03]} d5 {[%clk 00:54:56]} {[%emt
00:00:14]} 2. Bf4 {[%clk 00:54:45]} {[%emt 00:00:27]} Nf6 {[%clk 00:54:51]}
{[%emt 00:00:11]} 3. e3 {[%clk 00:53:47]} {[%emt 00:01:03]} c5 {[%clk
00:54:34]} {[%emt 00:00:21]} 4. c3 {[%clk 00:52:38]} {[%emt 00:01:14]} Nc6
{[%clk 00:54:33]} {[%emt 00:00:06]} 5. Nf3 {[%clk 00:51:43]} {[%emt 00:01:00]}
Qb6 {[%clk 00:54:30]} {[%emt 00:00:09]} 6. Qc2 {[%clk 00:51:15]} {[%emt
00:00:32]} Bf5 {[%clk 00:54:09]} {[%emt 00:00:26]} 7. dxc5 {[%clk 00:51:13]}
{[%emt 00:00:08]} Bxc2 {[%clk 00:53:33]} {[%emt 00:00:40]} 8. cxb6 {[%clk
00:51:10]} {[%emt 00:00:08]} axb6 {[%clk 00:53:13]} {[%emt 00:00:25]} 9. Na3
{[%clk 00:49:53]} {[%emt 00:01:22]} Be4 {[%emt 00:05:17]} 10. Nb5 {[%clk
00:46:36]} Kd7 {[%clk 00:48:41]} {[%emt 00:02:47]} 11. Ne5+ {[%clk 00:45:53]}
{[%emt 00:00:48]} Nxe5 {[%clk 00:48:24]} {[%emt 00:00:21]} 12. Bxe5 {[%clk
00:44:58]} {[%emt 00:01:00]} Rc8 {[%clk 00:45:19]} {[%emt 00:03:10]} 13. Bd4
{[%clk 00:41:47]} {[%emt 00:03:17]} e6 {[%clk 00:43:15]} {[%emt 00:02:09]} 14.
Bxb6 {[%clk 00:40:14]} {[%emt 00:01:37]} Bc5 {[%clk 00:43:06]} {[%emt
00:00:14]} 15. Bxc5 {[%clk 00:38:43]} {[%emt 00:01:35]} Rxc5 {[%clk 00:42:54]}
{[%emt 00:00:19]} 16. Nd4 {[%clk 00:38:29]} {[%emt 00:00:19]} Ra8 {[%clk
00:40:00]} {[%emt 00:02:58]} 17. Bb5+ {[%clk 00:37:02]} {[%emt 00:01:33]} Ke7
{[%clk 00:39:54]} {[%emt 00:00:11]} 18. a4 {[%clk 00:35:15]} {[%emt 00:01:52]}
e5 {[%clk 00:39:44]} {[%emt 00:00:15]} 19. Nb3 {[%clk 00:35:16]} {[%emt
00:00:04]} Rcc8 {[%clk 00:38:03]} {[%emt 00:01:46]} 20. Rc1 {[%clk 00:34:08]}
{[%emt 00:01:13]} Bxg2 {[%clk 00:37:36]} {[%emt 00:00:32]} 21. Rg1 {[%clk
00:33:21]} {[%emt 00:00:51]} Be4 {[%clk 00:37:35]} {[%emt 00:00:06]} 22. Nd2
{[%clk 00:32:00]} {[%emt 00:01:27]} Bg6 {[%clk 00:37:20]} {[%emt 00:00:19]} 23.
Nf3 {[%clk 00:28:43]} {[%emt 00:03:21]} Ke6 {[%clk 00:35:30]} {[%emt 00:01:56]}
24. c4 {[%clk 00:27:17]} {[%emt 00:01:31]} dxc4 {[%clk 00:31:32]} {[%emt
00:04:05]} 25. Bxc4+ {[%clk 00:26:45]} {[%emt 00:00:36]} Ke7 {[%clk 00:31:25]}
{[%emt 00:00:12]} 26. b3 {[%clk 00:23:29]} {[%emt 00:03:21]} Nd7 {[%clk
00:29:23]} {[%emt 00:02:07]} 27. Rd1 {[%clk 00:17:21]} {[%emt 00:06:13]} Bh5
{[%clk 00:25:50]} {[%emt 00:03:36]} 28. Rxd7+ {[%clk 00:15:30]} {[%emt
00:01:58]} Kxd7 {[%clk 00:25:35]} {[%emt 00:00:21]} 29. Nxe5+ {[%clk 00:15:33]}
Ke7 {[%clk 00:24:54]} {[%emt 00:00:45]} 30. Rxg7 {[%clk 00:14:54]} {[%emt
00:00:44]} Rd8 {[%clk 00:23:03]} {[%emt 00:01:57]} 31. Nf3 {[%clk 00:14:18]}
{[%emt 00:00:41]} Bg6 {[%clk 00:22:35]} {[%emt 00:00:33]} 32. Nh4 {[%clk
00:13:21]} {[%emt 00:01:01]} Kf6 {[%clk 00:22:28]} {[%emt 00:00:13]} 33. Nxg6
{[%clk 00:12:17]} {[%emt 00:01:08]} Kxg7 {[%clk 00:22:23]} {[%emt 00:00:10]}
34. Ne5 {[%clk 00:12:18]} {[%emt 00:00:04]} f6 {[%clk 00:21:32]} {[%emt
00:00:56]} 35. Nd3 {[%clk 00:11:54]} {[%emt 00:00:28]} Rd6 {[%clk 00:18:38]}
{[%emt 00:03:00]} 36. Nf4 {[%clk 00:11:40]} {[%emt 00:00:18]} Re8 {[%clk
00:18:12]} {[%emt 00:00:31]} 37. Ke2 {[%clk 00:10:47]} {[%emt 00:00:59]} Kh6
{[%clk 00:13:35]} {[%emt 00:04:42]} 38. Kf3 {[%clk 00:10:10]} {[%emt 00:00:42]}
Kg5 {[%clk 00:06:23]} {[%emt 00:07:17]} 39. Ng2 {[%clk 00:09:39]} {[%emt
00:00:36]} Rd2 {[%clk 00:05:35]} {[%emt 00:00:54]} 40. h4+ {[%clk 00:09:31]}
{[%emt 00:00:12]} Kh6 {[%clk 00:05:19]} {[%emt 00:00:21]} 41. Nf4 {[%clk
00:06:02]} {[%emt 00:03:35]} Kg7 {[%clk 00:04:50]} {[%emt 00:00:33]} 42. Nh5+
{[%clk 00:05:47]} {[%emt 00:00:20]} Kg6 {[%clk 00:04:27]} {[%emt 00:00:28]} 43.
Nf4+ {[%clk 00:05:36]} {[%emt 00:00:15]} Kg7 {[%clk 00:04:27]} {[%emt
00:00:07]} 44. Ne6+ {[%clk 00:05:00]} {[%emt 00:00:40]} Kg6 {[%clk 00:03:40]}
{[%emt 00:00:52]} 45. h5+ {[%clk 00:04:50]} {[%emt 00:00:15]} Kh6 {[%clk
00:03:18]} {[%emt 00:00:28]} 46. Nc5 {[%clk 00:04:45]} {[%emt 00:00:10]} Rc8
{[%clk 00:03:02]} {[%emt 00:00:20]} 47. Nxb7 {[%clk 00:04:21]} {[%emt
00:00:30]} Kxh5 {[%clk 00:03:05]} {[%emt 00:00:01]} 48. Bf7+ {[%clk 00:04:05]}
{[%emt 00:00:21]} Kg5 {[%clk 00:03:03]} {[%emt 00:00:08]} 49. Na5 {[%clk
00:03:43]} {[%emt 00:00:26]} h5 {[%clk 00:03:03]} {[%emt 00:00:05]} 50. Nc4
{[%clk 00:03:47]} {[%emt 00:00:02]} Rdd8 {[%clk 00:02:58]} {[%emt 00:00:10]}
51. Be6 {[%clk 00:03:51]} {[%emt 00:00:01]} Rb8 {[%clk 00:02:58]} {[%emt
00:00:05]} 52. Na5 {[%clk 00:03:49]} {[%emt 00:00:07]} Rd6 {[%clk 00:03:00]}
{[%emt 00:00:03]} 53. Bc4 {[%clk 00:03:50]} {[%emt 00:00:03]} h4 {[%clk
00:03:02]} {[%emt 00:00:03]} 54. Bf1 {[%clk 00:03:45]} {[%emt 00:00:10]} Rd5
{[%clk 00:02:58]} {[%emt 00:00:10]} 55. Bb5 {[%clk 00:03:34]} {[%emt 00:00:15]}
Rdxb5 {[%clk 00:02:55]} {[%emt 00:00:09]} 56. axb5 {[%clk 00:03:38]} {[%emt
00:00:01]} Rxb5 {[%clk 00:02:58]} {[%emt 00:00:02]} 57. Nc4 {[%clk 00:03:41]}
{[%emt 00:00:01]} Rxb3 {[%clk 00:03:01]} {[%emt 00:00:02]} 58. Nd2 {[%clk
00:03:45]} {[%emt 00:00:02]} Rb4 {[%clk 00:03:01]} {[%emt 00:00:05]} 59. Nf1
{[%clk 00:03:45]} {[%emt 00:00:05]} f5 {[%clk 00:03:00]} {[%emt 00:00:06]} 60.
Nh2 {[%clk 00:03:36]} {[%emt 00:00:13]} Rb2 {[%clk 00:02:42]} {[%emt 00:00:24]}
61. Nf1 {[%clk 00:03:25]} {[%emt 00:00:16]} Rb1 {[%clk 00:02:36]} {[%emt
00:00:12]} 62. Kg2 {[%clk 00:03:26]} {[%emt 00:00:02]} h3+ {[%clk 00:02:33]}
{[%emt 00:00:09]} 63. Kxh3 {[%clk 00:03:17]} {[%emt 00:00:14]} Rxf1 {[%clk
00:02:35]} {[%emt 00:00:03]} 64. Kg2 {[%clk 00:03:21]} {[%emt 00:00:01]} Ra1
{[%clk 00:02:37]} {[%emt 00:00:02]} 65. Kf3 {[%clk 00:03:25]} {[%emt 00:00:01]}
Ra3 {[%clk 00:02:40]} {[%emt 00:00:02]} 66. Ke2 {[%clk 00:03:28]} {[%emt
00:00:03]} Kg4 {[%clk 00:02:44]} {[%emt 00:00:02]} 67. f3+ {[%clk 00:03:32]}
{[%emt 00:00:01]} Kg3 {[%clk 00:02:48]} 68. f4 {[%clk 00:03:29]} {[%emt
00:00:07]} Rb3 {[%clk 00:02:50]} {[%emt 00:00:03]} 69. e4 {[%clk 00:03:29]}
{[%emt 00:00:05]} Kxf4 {[%clk 00:02:52]} {[%emt 00:00:03]} 70. exf5 {[%clk
00:03:31]} {[%emt 00:00:04]} Kxf5 {[%emt 00:00:01]} 71. Kd2 {[%emt 00:00:02]}
Ke4 {[%clk 00:02:58]} {[%emt 00:00:01]} 72. Kc2 {[%clk 00:03:40]} Rd3 {[%clk
00:03:02]} 73. Kb2 {[%clk 00:03:44]} Kd4 {[%clk 00:03:05]} 74. Kc2 {[%clk
00:03:49]} {[%emt 00:00:01]} Kc4 {[%clk 00:03:09]} {[%emt 00:00:01]} 75. Kb2
{[%clk 00:03:53]} Rc3 {[%clk 00:03:09]} {[%emt 00:00:05]} 76. Ka2 {[%clk
00:03:58]} {[%emt 00:00:01]} Rb3 {[%clk 00:03:12]} {[%emt 00:00:02]} 77. Ka1
{[%clk 00:04:02]} {[%emt 00:00:01]} Rb8 {[%emt 00:00:03]} 78. Ka2 {[%clk
00:04:04]} Kc3 {[%clk 00:03:19]} {[%emt 00:00:01]} 79. Ka1 {[%clk 00:04:09]}
Kc2 {[%clk 00:03:24]} 80. Ka2 {[%emt 00:00:02]} Ra8# 0-1

[Event "DVM U10 2023"]
[Site "Magdeburg GER"]
[Date "2023.12.29"]
[Round "7"]
[White "Hendler, Maximilian"]
[Black "Rauhut, Max"]
[Result "1-0"]
[Termination "normal"]
[Board "2.3"]
[WhiteElo "1290"]
[BlackElo "1173"]
[WhiteClock "00:01:08"]
[BlackClock "00:02:29"]
[WhiteTeam "SF Brackel 1930"]
[BlackTeam "Barnimer SF im SV Stahl Finow"]
[PlyCount "121"]
[WhiteFideId "34616500"]
[BlackFideId "16292545"]
[EventCountry "GER"]
[EventRounds "7"]
[EventType "team-swiss"]
[EventDate "2023.12.27"]

1. e4 {[%clk 00:55:07]} {[%emt 00:00:03]} c5 {[%clk 00:55:06]} {[%emt
00:00:05]} 2. c4 {[%clk 00:55:06]} {[%emt 00:00:06]} e6 {[%clk 00:54:47]}
{[%emt 00:00:24]} 3. Nc3 {[%clk 00:54:51]} {[%emt 00:00:19]} d6 {[%clk
00:54:11]} {[%emt 00:00:41]} 4. d3 {[%clk 00:54:36]} {[%emt 00:00:20]} Be7
{[%clk 00:53:58]} {[%emt 00:00:18]} 5. Nf3 {[%clk 00:53:52]} {[%emt 00:00:49]}
Nf6 {[%clk 00:53:14]} {[%emt 00:00:50]} 6. g3 {[%clk 00:53:27]} {[%emt
00:00:28]} O-O {[%clk 00:52:34]} {[%emt 00:00:46]} 7. Bg2 {[%clk 00:53:10]}
{[%emt 00:00:23]} Bd7 {[%clk 00:51:30]} {[%emt 00:01:08]} 8. O-O {[%clk
00:52:35]} {[%emt 00:00:40]} Nc6 {[%clk 00:50:31]} {[%emt 00:01:05]} 9. h3
{[%clk 00:51:12]} {[%emt 00:01:27]} Qc7 {[%clk 00:48:05]} {[%emt 00:02:32]} 10.
Be3 {[%clk 00:50:45]} {[%emt 00:00:31]} a6 {[%clk 00:46:22]} {[%emt 00:01:48]}
11. b3 {[%clk 00:48:12]} {[%emt 00:02:38]} Rab8 {[%clk 00:44:09]} {[%emt
00:02:19]} 12. Qd2 {[%clk 00:41:19]} {[%emt 00:06:57]} b5 {[%clk 00:42:57]}
{[%emt 00:01:17]} 13. Rfb1 {[%clk 00:37:38]} {[%emt 00:03:46]} b4 {[%clk
00:41:46]} {[%emt 00:01:17]} 14. Ne2 {[%clk 00:36:50]} {[%emt 00:00:51]} a5
{[%clk 00:37:52]} {[%emt 00:04:00]} 15. Rf1 {[%clk 00:35:02]} {[%emt 00:01:53]}
Qb6 {[%clk 00:32:40]} {[%emt 00:05:12]} 16. Nh2 {[%clk 00:33:04]} {[%emt
00:02:08]} e5 {[%clk 00:29:43]} {[%emt 00:03:02]} 17. f4 {[%clk 00:30:59]}
{[%emt 00:02:10]} Qb7 {[%clk 00:24:45]} {[%emt 00:05:03]} 18. f5 {[%clk
00:29:00]} {[%emt 00:02:04]} Nd4 {[%clk 00:22:41]} {[%emt 00:02:09]} 19. Nxd4
{[%clk 00:26:06]} {[%emt 00:02:59]} cxd4 {[%clk 00:22:11]} {[%emt 00:00:36]}
20. Bf2 {[%clk 00:25:11]} {[%emt 00:01:00]} Qc8 {[%clk 00:15:33]} {[%emt
00:06:40]} 21. Rfb1 {[%clk 00:22:15]} {[%emt 00:03:04]} Qd8 {[%clk 00:11:18]}
{[%emt 00:04:20]} 22. a3 {[%clk 00:19:35]} {[%emt 00:02:44]} Ra8 {[%clk
00:10:09]} {[%emt 00:01:14]} 23. axb4 {[%clk 00:18:49]} {[%emt 00:00:51]} axb4
{[%clk 00:10:04]} {[%emt 00:00:10]} 24. Qb2 {[%clk 00:18:19]} {[%emt 00:00:35]}
Qb6 {[%clk 00:08:34]} {[%emt 00:01:36]} 25. Rxa8 {[%clk 00:17:11]} {[%emt
00:01:13]} Rxa8 {[%clk 00:08:31]} {[%emt 00:00:08]} 26. Ra1 {[%clk 00:17:05]}
{[%emt 00:00:11]} Qb7 {[%clk 00:08:12]} {[%emt 00:00:18]} 27. Ra2 {[%clk
00:16:44]} {[%emt 00:00:32]} Ne8 {[%clk 00:06:43]} {[%emt 00:01:33]} 28. Qa1
{[%clk 00:16:22]} {[%emt 00:00:27]} Nc7 {[%clk 00:06:27]} {[%emt 00:00:22]} 29.
Be1 {[%clk 00:14:24]} {[%emt 00:02:02]} Rxa2 {[%clk 00:06:06]} {[%emt
00:00:27]} 30. Qxa2 {[%clk 00:14:19]} {[%emt 00:00:09]} Qa6 {[%clk 00:05:55]}
{[%emt 00:00:15]} 31. Qd2 {[%clk 00:11:26]} {[%emt 00:02:59]} Qa3 {[%clk
00:04:53]} {[%emt 00:01:07]} 32. Qxb4 {[%clk 00:10:41]} {[%emt 00:00:51]} Qxb4
{[%clk 00:04:50]} {[%emt 00:00:08]} 33. Bxb4 {[%clk 00:10:34]} {[%emt
00:00:11]} Na6 {[%clk 00:04:54]} {[%emt 00:00:02]} 34. Ba3 {[%clk 00:10:13]}
{[%emt 00:00:25]} g6 {[%clk 00:04:41]} {[%emt 00:00:18]} 35. f6 {[%clk
00:08:57]} {[%emt 00:01:21]} Bf8 {[%clk 00:04:22]} {[%emt 00:00:25]} 36. Bf3
{[%clk 00:08:17]} {[%emt 00:00:44]} Bxh3 {[%clk 00:03:51]} {[%emt 00:00:36]}
37. Bg4 {[%clk 00:06:08]} {[%emt 00:02:14]} Bxg4 {[%clk 00:03:50]} {[%emt
00:00:07]} 38. Nxg4 {[%clk 00:06:08]} {[%emt 00:00:04]} Nc7 {[%clk 00:03:46]}
{[%emt 00:00:09]} 39. b4 {[%clk 00:05:19]} {[%emt 00:00:55]} h5 {[%clk
00:03:15]} {[%emt 00:00:36]} 40. Nf2 {[%clk 00:04:59]} {[%emt 00:00:25]} g5
{[%clk 00:03:02]} {[%emt 00:00:17]} 41. b5 {[%clk 00:04:41]} {[%emt 00:00:24]}
g4 {[%clk 00:02:48]} {[%emt 00:00:19]} 42. Kg2 {[%clk 00:04:25]} {[%emt
00:00:21]} Kh7 {[%clk 00:02:37]} {[%emt 00:00:16]} 43. Nd1 {[%clk 00:03:38]}
{[%emt 00:00:51]} Kh6 {[%clk 00:02:38]} {[%emt 00:00:04]} 44. Nb2 {[%clk
00:03:06]} {[%emt 00:00:37]} Kg5 {[%clk 00:02:38]} {[%emt 00:00:06]} 45. Na4
{[%clk 00:02:56]} {[%emt 00:00:15]} Kxf6 {[%clk 00:02:40]} {[%emt 00:00:03]}
46. Nb6 {[%clk 00:02:49]} {[%emt 00:00:12]} Kg5 {[%clk 00:02:33]} {[%emt
00:00:12]} 47. Bc1+ {[%clk 00:02:22]} {[%emt 00:00:31]} Kf6 {[%clk 00:02:32]}
{[%emt 00:00:07]} 48. Nd5+ {[%clk 00:02:15]} {[%emt 00:00:11]} Nxd5 {[%clk
00:02:20]} {[%emt 00:00:17]} 49. cxd5 {[%clk 00:01:54]} {[%emt 00:00:26]} Ke7
{[%clk 00:02:24]} {[%emt 00:00:02]} 50. Bd2 {[%clk 00:01:44]} {[%emt 00:00:14]}
Kd7 {[%clk 00:02:26]} {[%emt 00:00:04]} 51. Ba5 {[%clk 00:01:44]} {[%emt
00:00:04]} Kc8 {[%clk 00:02:28]} {[%emt 00:00:04]} 52. Kf2 {[%clk 00:01:25]}
{[%emt 00:00:23]} Kb7 {[%clk 00:02:17]} {[%emt 00:00:16]} 53. Bd8 {[%clk
00:01:07]} {[%emt 00:00:23]} Bh6 {[%clk 00:02:15]} {[%emt 00:00:06]} 54. b6
{[%clk 00:01:02]} {[%emt 00:00:11]} Be3+ {[%clk 00:02:20]} 55. Kg2 {[%clk
00:01:03]} {[%emt 00:00:04]} Bd2 {[%clk 00:02:16]} {[%emt 00:00:08]} 56. Bc7
{[%clk 00:01:00]} {[%emt 00:00:09]} Ba5 {[%clk 00:02:18]} {[%emt 00:00:03]} 57.
Bxd6 {[%clk 00:01:01]} {[%emt 00:00:03]} Bxb6 {[%clk 00:02:22]} {[%emt
00:00:01]} 58. Bxe5 {[%clk 00:01:04]} {[%emt 00:00:03]} Ba7 {[%clk 00:02:22]}
{[%emt 00:00:05]} 59. Bf6 {[%clk 00:01:05]} {[%emt 00:00:03]} Kb6 {[%clk
00:02:25]} {[%emt 00:00:02]} 60. Bxd4+ {[%clk 00:01:08]} {[%emt 00:00:02]} Kb5
{[%clk 00:02:29]} 61. Bxa7 {[%emt 00:00:13]} 1-0

[Event "DVM U10 2023"]
[Site "Magdeburg GER"]
[Date "2023.12.29"]
[Round "7"]
[White "Rung, Sjard Joris"]
[Black "Hendler, Felicitas"]
[Result "0-1"]
[Termination "normal"]
[Board "2.4"]
[WhiteElo "1012"]
[BlackElo "1408"]
[WhiteClock "00:01:56"]
[BlackClock "00:32:40"]
[WhiteTeam "Barnimer SF im SV Stahl Finow"]
[BlackTeam "SF Brackel 1930"]
[PlyCount "88"]
[WhiteFideId "34689818"]
[BlackFideId "34616519"]
[EventCountry "GER"]
[EventRounds "7"]
[EventType "team-swiss"]
[EventDate "2023.12.27"]

1. e4 {[%clk 00:55:07]} {[%emt 00:00:03]} c5 {[%clk 00:55:06]} {[%emt
00:00:04]} 2. Nc3 {[%clk 00:55:06]} {[%emt 00:00:06]} d6 {[%clk 00:55:06]}
{[%emt 00:00:04]} 3. g3 {[%clk 00:55:04]} {[%emt 00:00:07]} Nf6 {[%clk
00:55:03]} {[%emt 00:00:08]} 4. Bg2 {[%clk 00:54:47]} {[%emt 00:00:22]} Nc6
{[%clk 00:54:55]} {[%emt 00:00:13]} 5. Nge2 {[%clk 00:54:01]} {[%emt 00:00:52]}
g6 {[%clk 00:54:50]} {[%emt 00:00:10]} 6. O-O {[%clk 00:53:44]} {[%emt
00:00:22]} Bg7 {[%clk 00:54:49]} {[%emt 00:00:06]} 7. d3 {[%clk 00:53:41]}
{[%emt 00:00:08]} O-O {[%clk 00:53:58]} {[%emt 00:00:56]} 8. Be3 {[%clk
00:53:36]} {[%emt 00:00:10]} e6 {[%clk 00:52:55]} {[%emt 00:01:08]} 9. Qd2
{[%clk 00:53:30]} {[%emt 00:00:11]} Ng4 {[%clk 00:52:33]} {[%emt 00:00:27]} 10.
h3 {[%clk 00:52:16]} {[%emt 00:01:20]} Nxe3 {[%clk 00:52:05]} {[%emt 00:00:32]}
11. Qxe3 {[%clk 00:52:08]} {[%emt 00:00:13]} Qb6 {[%clk 00:50:47]} {[%emt
00:01:23]} 12. b3 {[%clk 00:50:08]} {[%emt 00:02:06]} Qa5 {[%clk 00:49:57]}
{[%emt 00:00:54]} 13. Qd2 {[%clk 00:49:18]} {[%emt 00:00:55]} b5 {[%clk
00:49:23]} {[%emt 00:00:39]} 14. f4 {[%clk 00:45:34]} {[%emt 00:03:48]} b4
{[%clk 00:49:10]} {[%emt 00:00:19]} 15. Nd1 {[%clk 00:45:03]} {[%emt 00:00:35]}
Bxa1 {[%clk 00:48:45]} {[%emt 00:00:31]} 16. e5 {[%clk 00:44:04]} {[%emt
00:01:04]} d5 {[%clk 00:48:16]} {[%emt 00:00:34]} 17. Kh2 {[%clk 00:43:19]}
{[%emt 00:00:49]} Qxa2 {[%clk 00:47:15]} {[%emt 00:01:07]} 18. g4 {[%clk
00:42:51]} {[%emt 00:00:32]} Qa6 {[%clk 00:46:21]} {[%emt 00:00:59]} 19. h4
{[%clk 00:41:03]} {[%emt 00:01:54]} Nd4 {[%clk 00:45:26]} {[%emt 00:00:59]} 20.
Ng3 {[%clk 00:40:40]} {[%emt 00:00:28]} Qa5 {[%clk 00:44:42]} {[%emt 00:00:49]}
21. h5 {[%clk 00:40:11]} {[%emt 00:00:34]} Bc3 {[%clk 00:44:20]} {[%emt
00:00:27]} 22. Qe3 {[%clk 00:38:27]} {[%emt 00:01:48]} Nxc2 {[%clk 00:43:55]}
{[%emt 00:00:31]} 23. Qc1 {[%clk 00:37:34]} {[%emt 00:00:58]} Nd4 {[%clk
00:43:37]} {[%emt 00:00:23]} 24. hxg6 {[%clk 00:36:31]} {[%emt 00:01:09]} fxg6
{[%clk 00:43:29]} {[%emt 00:00:13]} 25. Ne3 {[%clk 00:34:00]} {[%emt 00:02:35]}
Nxb3 {[%clk 00:42:47]} {[%emt 00:00:47]} 26. Qc2 {[%clk 00:33:22]} {[%emt
00:00:42]} Nd4 {[%clk 00:42:21]} {[%emt 00:00:32]} 27. Qc1 {[%clk 00:33:07]}
{[%emt 00:00:19]} b3 {[%clk 00:40:54]} {[%emt 00:01:33]} 28. f5 {[%clk
00:30:53]} {[%emt 00:02:20]} b2 {[%clk 00:40:40]} {[%emt 00:00:19]} 29. Qd1
{[%clk 00:30:17]} {[%emt 00:00:40]} Qa1 {[%clk 00:39:43]} {[%emt 00:01:03]} 30.
f6 {[%clk 00:27:58]} {[%emt 00:02:24]} Rb8 {[%clk 00:38:54]} {[%emt 00:00:54]}
31. Qb1 {[%clk 00:25:49]} {[%emt 00:02:14]} a5 {[%clk 00:38:10]} {[%emt
00:00:49]} 32. Rh1 {[%clk 00:22:16]} {[%emt 00:03:37]} a4 {[%clk 00:37:53]}
{[%emt 00:00:23]} 33. g5 {[%clk 00:15:32]} {[%emt 00:06:49]} a3 {[%clk
00:37:36]} {[%emt 00:00:23]} 34. Bh3 {[%clk 00:09:33]} {[%emt 00:06:03]} Qxb1
{[%clk 00:37:05]} {[%emt 00:00:35]} 35. Rxb1 {[%clk 00:09:18]} {[%emt
00:00:21]} a2 {[%clk 00:36:31]} {[%emt 00:00:39]} 36. Rf1 {[%clk 00:08:58]}
{[%emt 00:00:24]} b1=Q {[%clk 00:36:15]} {[%emt 00:00:22]} 37. Rxb1 {[%clk
00:07:42]} {[%emt 00:01:21]} axb1=Q {[%clk 00:36:07]} {[%emt 00:00:12]} 38. Ng4
{[%clk 00:06:39]} {[%emt 00:01:08]} Rb2+ {[%clk 00:35:51]} {[%emt 00:00:21]}
39. Bg2 {[%clk 00:06:15]} {[%emt 00:00:28]} Qc2 {[%clk 00:34:10]} {[%emt
00:01:47]} 40. Nh6+ {[%clk 00:05:33]} {[%emt 00:00:48]} Kh8 {[%clk 00:33:51]}
{[%emt 00:00:24]} 41. Kh3 {[%clk 00:02:53]} {[%emt 00:02:45]} Qxg2+ {[%clk
00:33:35]} {[%emt 00:00:21]} 42. Kh4 {[%clk 00:02:46]} {[%emt 00:00:11]} Nf3+
{[%clk 00:32:58]} {[%emt 00:00:42]} 43. Kg4 {[%clk 00:02:30]} {[%emt 00:00:22]}
Rb4+ {[%clk 00:32:46]} {[%emt 00:00:17]} 44. d4 {[%clk 00:01:56]} {[%emt
00:00:39]} Rxd4# {[%clk 00:32:40]} {[%emt 00:00:11]} 0-1